000 00411nam a2200133Ia 4500
008 231129s9999||||xx |||||||||||||| ||spa||
020 _a958-17-0026-9
040 _bspa
082 _a918.6183 M357i
100 _aMarquez C. German
245 0 _aLas islas de Providencia y Santa Catalina : Ecologia regional
264 _aFondo Fen-Universidad Nacional
942 _2ddc
_cBKS
999 _c18790
_d18790